Tennis - Tout sur Gaël Monfils - Statistiques

Statistiques générales
  • Ce quiz a été pris 56 fois
  • Le résultat moyen est 10 sur 15
Statistiques - réponses
Hint Réponse % Correct
Pays représenté France
100%
Année de naissance 1986
98%
Surnom La Monf'
92%
Nombre de titres en simple 13
88%
Epouse (et tenniswoman) Elina Svitolina
87%
Gaucher ou droitier ? Droitier
83%
Année du début de sa carrière 2004
77%
Meilleur classement atteint en... 2016
65%
Pays de résidence Suisse
56%
Nombre de coaches 15
54%
Nombre de finales perdues en simple 22
50%
Meilleur résultat à Roland-Garros 1/2 finale
46%
Meilleur classement 6e
46%
Gains en tournoi en millions $ (arrondi) 24
33%
Type de revers Revers à deux mains
17%
Aucun quiz correspondant
Distribution des résultats
% des personnes avec chaque résultat
Percentile par nombre de réponses
Votre historique - résultats
Vous n’avez pas pris ce quiz